[Event "North American op 27th"]
[Site "Las Vegas"]
[Date "2017.12.26"]
[Round "1"]
[White "Kirumaki, Ronit"]
[Black "Wheeler, Cameron"]
[Result "0-1"]
[WhiteElo "2050"]
[BlackElo "2384"]
[PlyCount "60"]
[EventDate "2017.12.26"]
[EventType "swiss"]
[EventRounds "9"]
[EventCountry "USA"]
[SourceTitle "CBM 182 Extra"]
[Source "ChessBase"]
[SourceDate "2018.02.23"]
[SourceVersion "1"]
[SourceVersionDate "2018.02.23"]
[SourceQuality "1"]

1. b3 e5 2. Bb2 Nc6 3. e3 Nf6 4. Bb5 Bd6 5. Nf3 e4 6. Nh4 Be5 7. Bxe5 Nxe5 8. Nf5 0-0 9. d4 exd3 10. Bxd3 d5 11. Ng3 h5 12. Nc3 g6 13. 0-0 h4 14. Nh1 Re8 15. h3 d4 16. exd4 Qxd4 17. Nb5 Qb6 18. a4 a6 19. Na3 Rd8 20. Nc4 Nxc4 21. bxc4 Qd4 22. Qf3 Nd7 23. Rad1 Ne5 24. Qe2 Qc5 25. Bxg6 Rxd1 26. Bh7+ Kxh7 27. Qh5+ Kg7 28. Rxd1 Qe7 29. f4 Ng6 30. f5 Qc5+ 0-1